MARC

LEADER 00000nam0a2200000 4500
001 349047
005 20231102010151.0
010 |a 5770201673 
020 |a RU  |b 91-57850 
035 |a (RuTPU)RU\TPU\retro\1002 
090 |a 349047 
100 |a 20180409d1991 k y0rusy5003 ca 
101 0 |a rus 
102 |a UA 
105 |a a z 001zy 
200 1 |a Интеллектуальные АРМ в системах управления производством  |e сборник научных трудов  |f АН Украинской ССР (АН УССР), Институт кибернетики (ИК) ; отв. ред. В. Л. Волкович 
210 |a Киев  |c Изд-во ИК  |d 1991 
215 |a 82 с.  |d 20 см  |c ил. 
320 |a Библиогр. в конце ст. 
606 1 |a Рабочее место автоматизированное  |2 stltpush  |3 (RuTPU)RU\TPU\subj\22243  |9 47054 
606 1 |a Автоматизированные системы планирования и управления предприятием  |x Проектирование  |x Сетевые методы  |2 stltpush  |3 (RuTPU)RU\TPU\subj\674  |9 29506 
610 1 |a интеллектуальные автоматизированные системы 
610 1 |a перспективы 
610 1 |a методы 
610 1 |a ориентация 
610 1 |a моделирование 
610 1 |a планирование 
610 1 |a управленческие игры 
610 1 |a программирование 
610 1 |a программное обеспечение 
675 |a 658.310.322.4  |z rus  |v 3 
675 |a 658.012.011.56.001.6  |z rus  |v 3 
702 1 |a Волкович  |b В. Л.  |g Виктор Леонидович  |4 340 
712 0 2 |a Академия наук Украинской ССР (АН УССР)  |b Институт кибернетики (ИК)  |c (Киев)  |c (1962-1991)  |2 stltpush  |3 (RuTPU)RU\TPU\col\11437 
801 0 |a RU  |b RuMRKP  |c 19960705  |g psbo 
801 1 |a RU  |b 63413507  |c 20180409 
801 2 |a RU  |b 63413507  |c 20230623  |g RCR 
942 |c BK